| 000 | 01260cam a22003495i 4500 | ||
|---|---|---|---|
| 999 |
_c8817 _d8817 |
||
| 003 | EG-ScBUE | ||
| 005 | 20200108125559.0 | ||
| 008 | 190725t20082008maua f b 001 0 eng d | ||
| 020 | _a9780618917556 | ||
| 020 | _a0618917556 | ||
| 040 |
_aEG-ScBUE _beng _erda _cEG-ScBUE _dEG-ScBUE |
||
| 082 | 0 | 4 |
_a808.0427 _bBUR _222 |
| 100 | 1 |
_aBurton, Larry W., _eauthor. |
|
| 245 | 1 | 4 |
_aThe language of argument / _cLarry W. Burton, Georgia Southern University, Daniel McDonald, University of South Alabama. |
| 250 | _aTwelfth edition. | ||
| 264 | 1 |
_aBoston, MA. : _bHoughton Mifflin Company, _c[2008] |
|
| 264 | 4 | _cc2008 | |
| 300 |
_axxvi, 396 pages : _billustrations ; _c23 cm |
||
| 336 |
_atext _btxt _2rdacontent |
||
| 337 |
_aunmediated _bn _2rdamedia |
||
| 338 |
_avolume _bnc _2rdacarrier |
||
| 500 | _aIncludes appendix. | ||
| 504 | _aIncludes bibliographical references and index. | ||
| 650 | 7 |
_aCollege readers. _2BUEsh |
|
| 650 | 7 |
_aPersuasion (Rhetoric) _vProblems, exercises, etc. _2BUEsh |
|
| 650 | 7 |
_aEnglish language _xRhetoric _vProblems, exercises, etc. _2BUEsh |
|
| 650 | 7 |
_aReport writing _vProblems, exercises, etc. _2BUEsh |
|
| 651 | _2BUEsh | ||
| 653 |
_bHHUUEENN _cJuly2019 |
||
| 700 | 1 |
_aMcDonald, Daniel, _d1927- _eauthor. |
|
| 942 |
_cBB _2ddc |
||